Human Resource Research Methods (Record no. 6263)

MARC details
005 - DATE AND TIME OF LATEST TRANSACTION
control field 20250629103459.0
020 ## - INTERNATIONAL STANDARD BOOK NUMBER
International Standard Book Number 0-19-5689-10-0
082 ## - DEWEY DECIMAL CLASSIFICATION NUMBER
Classification number 658.3 BHA
100 ## - MAIN ENTRY--PERSONAL NAME
Author name BHATTACHARYYA, D . K .
245 ## - TITLE STATEMENT
Title Human Resource Research Methods
260 ## - PUBLICATION, DISTRIBUTION, ETC.
Place of publication, distribution, etc. New Delhi,
Name of publisher, distributor, etc. Oxford University Press,
Date of publication, distribution, etc. 2007.
300 ## - PHYSICAL DESCRIPTION
Extent xiv, 521p.: ill.; table,
Other physical details index, & references,
Dimensions 24cm.
942 ## - ADDED ENTRY ELEMENTS (KOHA)
Source of classification or shelving scheme Dewey Decimal Classification
Koha item type Books
Holdings
Date last seen Total checkouts Full call number Barcode Cost, replacement price Price effective from Koha item type Lost status Source of classification or shelving scheme Damaged status Not for loan Withdrawn status Home library Current library Shelving location Date acquired Source of acquisition Cost, normal purchase price
06/29/2025   658.3 BHA MZA0002919 105000.00 06/29/2025 Books   Dewey Decimal Classification       CBE Mwanza CBE Mwanza General Collection 07/04/2009 Library Budget 35000.00